000 00693nam a2200217Ia 4500
999 _c41090
_d41090
001 7740
003 GE_BSU
005 20221116112749.0
008 181216s1999en xx |||||||||||||| ||eng||
020 _a0750642823 x
040 _cGE_BSU
041 _aeng
080 _a76:621 A-55
100 _aAndrew,Samuel
_914723
245 _aIntroduction to Engineering Design:Modelling, synthesis and Problem solving strategies /
_cSamuel Andrew.
264 _aOxford :
_bButterworth Heinemann,
_c1999.
300 _a405 p. 23cm.
_c23cm.
653 _aIntroduction to Engineering Design
653 _aშესავალი საინჟინრო დიზაინში
942 _cBK
_2udc